000 00569nam a22001817a 4500
999 _c186284
_d186284
005 20220221143254.0
010 _aENG-131717
020 _a9789383959419
_c225.00
035 _aEN-115249
037 _bDBAD
082 _a658
245 _aPrinciples of Management/
_cB.V. Gopinath et.al.
260 _aHyderabad
_bAmaravati Publications
_c2021
270 _a# 326/C, Level-2, Surneni Nilayam Near B K Guda Park, S R Nagar
_bHyderabad
_e500038
300 _aviii, 272p.
_c24cm(pbk)
700 _aGopinath, B.V. et.al.
942 _2ddc
_cEN
_h658
_mGOP